| Tag |
First Indicator |
Second Indicator |
Subfields |
| LEADER |
00000cam a2200000 4500 |
| 001 |
in00000050732 |
| 005 |
20151007073842.0 |
| 008 |
780712s1920 enkef 00110 eng |
| 010 |
|
|
|a 21012296
|
| 035 |
|
|
|a (OCoLC)04045377
|
| 035 |
|
|
|9 AAF0499AM
|
| 040 |
|
|
|a DLC
|c COF
|d TXA
|d UtOrBLW
|
| 049 |
|
|
|a TXAM
|c [110899]
|
| 050 |
0 |
0 |
|a QL698
|b .H75
|
| 092 |
|
|
|a 598.2
|b H849t
|
| 100 |
1 |
|
|a Howard, Henry Eliot,
|d 1873-1940.
|
| 245 |
1 |
0 |
|a Territory in bird life /
|c by H. Eliot Howard, with illustrations by G. E. Lodge and H. Gronvold.
|
| 264 |
|
1 |
|a London :
|b J. Murray,
|c 1920.
|
| 300 |
|
|
|a xii, 308 pages :
|b frontispiece, 10 plates, 2 plans. ;
|c 22 cm.
|
| 336 |
|
|
|a text
|b txt
|2 rdacontent
|
| 337 |
|
|
|a unmediated
|b n
|2 rdamedia
|
| 338 |
|
|
|a volume
|b nc
|2 rdacarrier
|
| 650 |
|
0 |
|a Birds.
|
| 999 |
|
|
|a MARS
|
| 999 |
f |
f |
|s eb26f616-42e1-3c46-8158-7e4571ad99e5
|i 6b18de5c-a7c5-327c-a327-28de0396d5aa
|t 0
|
| 952 |
f |
f |
|p ric
|a Texas A&M University
|b Rellis Campus
|c Joint Library Facility
|d Remote Storage
|t 0
|e QL698 .H75
|h Library of Congress classification
|i unmediated -- volume
|m A14801021365
|
| 998 |
f |
f |
|a QL698 .H75
|t 0
|l Remote Storage
|